000 01081nam0a22002531 4500
001 rc\3335176
005 20260406185613.0
021 _aRU
_bРг8431-72
021 _aRU
_b72-14048
035 _a(NLR Aleph) 007427733
090 _a6982746
_c6982746
100 _a20130115d1972 |||y0rusy50 ca
101 0 _arus
102 _aRU
105 _ay z |||||
200 1 _aТворческое развитие марксистско-ленинского экономического учения в документах XXIV съезда КПСС
_eЛекция
_fХарьк. высш. воен. авиац. училище летчиков им. дважды Героя Сов. Союза С.И. Грицевец
210 _aХарьков
_cБ. и.
_d1972
215 _a26 л.
_d28
712 0 2 _aХарьковское высшее военное авиационное училище летчиков им. С. И. Грицевец
_3RU\NLR\AUTH\889951271
_9398522
801 0 _aRU
_bNLR
_gpsbo
801 1 _aRU
_bELAR
_2rusmarc
852 _aNLR
_j72-8/846
942 _cBOOK
980 _aNB